Effectif OM 2021-2022 - Statistiques

Statistiques générales
  • Ce quiz a été pris 458 fois
  • Le résultat moyen est 11 sur 38
Statistiques - réponses
Poste Age Club précédent Réponse % Correct
G 36 ans Crystal Palace Steve Mandanda
96%
G 26 ans AS Roma Pau Lopez
85%
D 20 ans Arsenal William Saliba
63%
M 34 ans West Ham United Dimitri Payet
62%
M 26 ans FC Nantes Valentin Rongier
57%
M 24 ans Flamengo Gerson
56%
M 22 ans Arsenal Matteo Guendouzi
53%
M 21 ans Formé au club Boubacar Kamara
50%
D 25 ans RB Salzbourg Duje Caleta Car
49%
M 24 ans Schalke 04 Amine Harit
48%
D 31 ans Villarreal CF Alvaro Gonzalez
47%
M 22 ans Le Havre Pape Gueye
47%
D 27 ans Santos FC Luan Peres
46%
D 24 ans Fiorentina AC Pol Lirola
45%
A 24 ans AS Roma Cengiz Under
43%
A 20 ans FC Barcelone Konrad De La Fuente
43%
D 22 ans Borussia Dortmund Leonardo Balerdi
39%
D 27 ans Aston Villa Jordan Amavi
38%
A 27 ans Naples SC Arkadiusz Milik
32%
A 19 ans Três Passos FC Luis Henrique
29%
M 19 ans Juventus Turin Franco Tongya
18%
A 18 ans OGC Nice Salim Ben Seghir
16%
M 17 ans OGC Nice Bilal Nadir
11%
M 19 ans Formé au club Oussama Targhalline
11%
M 18 ans Formé au club Ugo Bertelli
11%
D 19 ans Formé au club Aaron Kamardin
6%
A 21 ans Diambars FC Cheikh Bamba Dieng
6%
M 19 ans Formé au club Cheick Souaré
4%
A 25 ans Rodez AF Daouda Gueye
4%
A 17 ans Grasshopper Club Zurich Esey Gebreyesus
4%
M 17 ans Formé au club Paolo Sciortino
4%
G 18 ans Formé au club Simon Ngapandouentbu
3%
G 20 ans Formé au club Manuel Nazaretian
2%
M 20 ans GSI Pontivy Milan Guendouzi
2%
D 17 ans Formé au club Amay Caprice
1%
D 20 ans Formé au club Joakim Kada
1%
M 18 ans Formé au club Jores Rahou
1%
A 16 ans Formé au club Aylan Benyahia-Tali
0%
Aucun quiz correspondant
Distribution des résultats
% des personnes avec chaque résultat
Percentile par nombre de réponses
Votre historique - résultats
Vous n’avez pas pris ce quiz